000 00769nam a22002177a 4500
999 _c97988
_d97988
005 20230306103307.0
010 _aENG-114427 ENG-136327
020 _c850.00
_a9789393330086
035 _aEN-119859
037 _bDBAD/PUB
082 _a618.02
245 _aA practical guide to obstetrics :
_cedited by Gita Arjun, Lakshmi Seshadri [and] Uma Ram
_bcost-effective, evidence-based, safe care /
260 _aHyderabad
_bUniversities Press (India) pvt ltd
_c2013
270 _a3-6-747/1/A & 3-6-754/1, Himayatnagar
_bHyderabad
_e500029
300 _a682p.;
_c24cm(pbk)
_bill.
500 _aIncludes bibliographical references and index
700 _aGita Arjun
700 _aSeshadri, Lakshmi
700 _aUma Ram
942 _2ddc
_cEN
_mPRA
_h618.02